000 01606nam a2200361 i 4500
003 EG-GICUC
005 20260221120146.0
008 260119s1982 ua |||fr|||| 00| 0 ara d
017 _a1885/1982
040 _a EG-GICUC
_bara
_c EG-GICUC
_d EG-GICUC
_erda
041 0 _aAra
082 0 4 _221
_a343.76812
_bم ح . ا
092 0 4 _221
099 _aLaw1 10 343.76812 م ح . ا 1982
100 0 _aمحمد المنجى
_eمؤلف.
245 1 2 _aالاختبار القضائى أحد تدابير الدفاع الإجتماعى /
_cتأليف دكتور محمد المنجى.
250 _aالطبعة الأولى
264 2 _aالإسكندرية :
_bمنشأة المعارف،
_c1982.
264 3 _aالقاهرة :
_bمطبعة اطلس
300 _a576 صفحة؛
_c24 سم.
336 _2rda content
_atext
337 _2rda media
_aComputer
338 _2rda carrier
_aOnline Resource
500 _aمن المتهم الجائز وضعه تحت الاختبار. ما الجريمة الجائز الوضع من أجلها تحت الاختبار. ما مدة الإختبار القضائى الكفيلة بإصلاح الجانى. ما الالتزامات المفروضة على الموضوع تحت الاختبار.
504 _aببليوجرافيا: صفحات535-553.
546 _aالنص باللغة العربية
650 1 _aالإختبار القضائى
_2qrmak
650 1 _aالقانون الجنائى
_2qrmak
651 1 _2qrmak
856 4 0 _uhttps://fll.law.cu.edu.eg/fulltext/bks/B10-07869.pdf
905 _a54
942 _2ddc
_cBK
_e21
_n0
999 _c57886
_d57886